Girls Names With The Letter: L (1915) Quiz Stats

 Plays Quiz not verified by Sporcle

Score 0/299 Timer 20:00
1 Play Today
Begins with Answer % Correct
HHelen
92.1%
EElizabeth
87.6%
EEliza
87.4%
EEllen
85.5%
LLaura
85.3%
AAlice
84.1%
MMolly
83.9%
EElla
83.1%
OOlivia
83.1%
OOlive
81.7%
LLily
80.7%
CCarol
79.4%
EEleanor
79.2%
JJulia
79%
FFlorence
78.2%
LLillian
78%
CCaroline
77.8%
LLucy
77.4%
MMillie
77.4%
LLinda
77.4%
LLou
76.8%
JJulie
76.8%
LLouise
75.6%
EEmily
74.9%
HHelena
74.9%
IIsabel
73.7%
BBella
73.3%
LLucille
72.9%
SSally
72.9%
EEvelyn
72.5%
CClara
72.1%
CCharlotte
72.1%
LLilly
71.7%
IIsabella
70.3%
VViolet
70.1%
CClaire
70.1%
EElaine
69.7%
NNell
69.7%
LLouisa
69.7%
PPauline
69.5%
BBelle
69.5%
CCarolyn
69.2%
LLola
69%
MMollie
68.8%
MMildred
68.6%
IIsabell
68.4%
FFlora
68.2%
NNellie
67.8%
GGloria
67.8%
PPaula
67.8%
IIsabelle
67%
VValerie
66.8%
EElsie
65.6%
LLena
65.6%
EElise
64%
EEthel
63.7%
LLois
63.5%
LLydia
63.5%
EElsa
63.5%
PPolly
63.1%
LLeah
62.9%
LLillie
62.7%
VViola
62.5%
RRachel
62.5%
GGladys
61.5%
EEileen
61.1%
AAmelia
60.5%
SSallie
60.3%
WWillie
59.9%
AAlma
59.7%
MMarilyn
59.5%
DDolly
59.3%
SStella
59.1%
AAngela
58.9%
EElisabeth
58.2%
HHazel
58%
LLila
57.4%
LLoretta
57.2%
HHelene
57.2%
SSylvia
56.8%
AAllie
56.8%
MMadeline
56.6%
MMadeline
56.6%
AAnnabel
56.4%
AAngelina
56.2%
MMillicent
56.2%
LLorraine
56%
HHilda
55.4%
PPearl
55.2%
MMabel
54.8%
PPhyllis
54.6%
KKathleen
54.4%
BBillie
54.2%
AAnnabelle
54.2%
JJuliette
53.6%
LLula
53.2%
LLizzie
53%
TThelma
52.7%
VVelma
52.3%
EEstelle
52.3%
Begins with Answer % Correct
CCallie
51.7%
NNatalie
51.5%
LLucia
51.5%
CClare
51.1%
LLucinda
50.9%
OOlga
50.7%
EEloise
50.7%
WWilla
50.5%
SShirley
50.3%
DDella
50.3%
LLora
50.3%
AAdele
49.7%
AArlene
49.7%
CClaudia
49.7%
PPriscilla
49.5%
DDelia
49.3%
VValeria
48.9%
CCecilia
48.7%
EEstella
48.7%
LLee
48.7%
OOllie
48.5%
CCecil
48.3%
MMyrtle
47.9%
GGeraldine
47.9%
LLottie
47.9%
TTillie
47.9%
CCharlene
47.7%
AAdela
47.7%
EEstell
47.5%
DDolores
47.3%
ZZelda
47.3%
DDollie
47%
GGail
46%
WWilhelmina
45.6%
CCelia
45.2%
LLulu
45.2%
LLeona
44.6%
EElma
44.6%
JJacqueline
44.6%
AAdelaide
44.4%
BBlanche
43.8%
SSelma
43.8%
AAngeline
43.6%
OOpal
43.4%
BBlanch
43%
MMuriel
42.8%
GGwendolyn
42.8%
CChloe
42.6%
MMatilda
42.4%
HHallie
41.3%
EElinor
41.1%
DDelores
41.1%
CCecelia
40.7%
AAileen
40.7%
AAdeline
40.5%
FFelicia
40.5%
CCamilla
40.5%
CCamille
40.3%
BBeulah
40.1%
CCrystal
39.5%
EEmilie
38.9%
EEmilia
38.9%
BBeverly
38.3%
CClarice
37.7%
OOphelia
37.7%
AAlberta
37.5%
EElvira
37.5%
RRosalie
37.3%
YYolanda
37.3%
LLettie
37.3%
EEvangeline
36.9%
CCharlie
36.5%
FFlossie
36.3%
EElva
36%
OOla
35.8%
LLorena
35.8%
MMadelyn
35.8%
IIla
35.4%
LLorna
35.2%
LLaverne
34.6%
RRosalind
34.4%
NNola
34.2%
LLeila
34%
IIlene
34%
CClaudine
33.4%
AAlva
33.2%
CCleo
32.4%
LLenore
32.4%
LLenora
32.2%
JJewel
32%
LLela
31.6%
MMable
31.4%
AAdell
31.2%
LLucile
30.5%
SSybil
30.3%
CCeleste
30.1%
ZZelma
29.7%
BBeryl
29.5%
LLorene
29.3%
EEula
28.5%
Begins with Answer % Correct
GGoldie
28.5%
MMelba
28.5%
CClementine
28.5%
LLennie
28.5%
LLeonora
28.1%
UUrsula
27.9%
LLuella
27.3%
CCecile
27.3%
LLessie
26.9%
MMarcella
26.5%
MMathilda
26.5%
LLoraine
26.1%
EElda
26.1%
MMagdalene
26.1%
CCordelia
26.1%
JJewell
25.9%
MMerle
25.9%
LLona
25.3%
AAlfreda
25.3%
NNelle
25.1%
AAlta
24.8%
CCornelia
24.6%
PPearlie
24.6%
MMaybelle
24.6%
GGlenna
24.2%
AAlda
24.2%
WWilliam
24%
LLinnie
23.4%
EEvalyn
23.4%
EElna
23.2%
CCarmela
22.8%
LLouella
22.8%
EEarline
22.8%
AAline
22.6%
AAlthea
22.6%
ZZola
22.2%
DDelphine
22.2%
RRosella
22%
LLeta
21.6%
FFlorine
21.4%
AAlvina
21.2%
EElnora
21%
AAlyce
21%
CCarmella
21%
RRoslyn
21%
MMelva
20.8%
GGolda
20.8%
LLetha
20.6%
WWilda
20.6%
LLeola
20.2%
AAlene
20%
LLida
20%
HHulda
19.8%
FFlorene
19.8%
EElouise
19.8%
DDelma
19.6%
EEthelyn
19.3%
LLeora
18.9%
OOdell
18.9%
AArline
18.7%
LLura
18.7%
VVelda
18.7%
HHildegarde
18.5%
IIdell
18.5%
VVerla
18.1%
FFloy
17.9%
IIdella
17.9%
CCelestine
17.9%
MMalinda
17.9%
IIola
17.7%
LLavina
17.7%
PPhilomena
17.5%
LLauretta
17.5%
LLorine
17.5%
MMarvel
17.3%
LLeota
17.1%
LLeone
16.9%
BBelva
16.5%
VVelva
16.5%
MManuela
16.5%
MMozelle
16.3%
LLelia
15.7%
FFilomena
15.7%
NNelda
15.7%
LLupe
15.7%
AAlpha
15.5%
OOleta
15.3%
AAlbina
15.3%
GGuadalupe
15.3%
AAllene
15.1%
CConsuelo
15.1%
LLilyan
15.1%
MMagnolia
14.9%
NNovella
14.9%
EElvera
13.6%
CClyde
13%
AAlmeda
12.2%
LLeatha
12.2%
LLouvie
11.2%

You're not logged in!

Compare scores with friends on all Sporcle quizzes.
OR
Log In

Sporcle TV

Today on Sporcle TV


Watch our educational content, quiz creation guides, and fun videos on Sporcle TV.

Show Comments

Extras

Top Quizzes Today


Score Distribution

Your Account Isn't Verified!

In order to create a playlist on Sporcle, you need to verify the email address you used during registration. Go to your Sporcle Settings to finish the process.

Report this User

Report this user for behavior that violates our Community Guidelines.

Details: